<?xml version="1.0" encoding="UTF-8"?>
<record
    xmlns:xsi="http://www.w3.org/2001/XMLSchema-instance"
    xsi:schemaLocation="http://www.loc.gov/MARC21/slim http://www.loc.gov/standards/marcxml/schema/MARC21slim.xsd"
    xmlns="http://www.loc.gov/MARC21/slim">

  <leader>02271cam a22003738i 4500</leader>
  <datafield tag="999" ind1=" " ind2=" ">
    <subfield code="c">77179</subfield>
    <subfield code="d">314456</subfield>
  </datafield>
  <controlfield tag="001">20611653</controlfield>
  <controlfield tag="003">OSt</controlfield>
  <controlfield tag="005">20190821084538.0</controlfield>
  <controlfield tag="006">m    |o  d |      </controlfield>
  <controlfield tag="007">cr_|||||||||||</controlfield>
  <controlfield tag="008">180802s2019    nyu     ob    001 0 eng  </controlfield>
  <datafield tag="020" ind1=" " ind2=" ">
    <subfield code="a">9781626235069 (Ebook)</subfield>
  </datafield>
  <datafield tag="020" ind1=" " ind2=" ">
    <subfield code="z">9781626235052 (hardback)</subfield>
  </datafield>
  <datafield tag="040" ind1=" " ind2=" ">
    <subfield code="a">DLC</subfield>
    <subfield code="b">eng</subfield>
    <subfield code="e">rda</subfield>
    <subfield code="c">DLC</subfield>
  </datafield>
  <datafield tag="050" ind1="1" ind2="0">
    <subfield code="a">RF350</subfield>
  </datafield>
  <datafield tag="060" ind1="1" ind2="0">
    <subfield code="a">WW 202</subfield>
  </datafield>
  <datafield tag="082" ind1="0" ind2="0">
    <subfield code="a">617.523</subfield>
    <subfield code="2">23</subfield>
    <subfield code="b">ENS</subfield>
  </datafield>
  <datafield tag="245" ind1="0" ind2="0">
    <subfield code="a">Endoscopic surgery of the orbit :</subfield>
    <subfield code="b">anatomy, pathology, and management /</subfield>
    <subfield code="c">[edited by] Benjamin S. Bleier, Suzanne K. Freitag, Raymond Sacks.</subfield>
  </datafield>
  <datafield tag="250" ind1=" " ind2=" ">
    <subfield code="a">First edition.</subfield>
  </datafield>
  <datafield tag="264" ind1=" " ind2="1">
    <subfield code="a">New York :</subfield>
    <subfield code="b">Thieme,</subfield>
    <subfield code="c">[2019]</subfield>
  </datafield>
  <datafield tag="300" ind1=" " ind2=" ">
    <subfield code="a">1 online resource.</subfield>
  </datafield>
  <datafield tag="504" ind1=" " ind2=" ">
    <subfield code="a">Includes bibliographical references and index.</subfield>
  </datafield>
  <datafield tag="650" ind1="1" ind2="2">
    <subfield code="a">Orbit</subfield>
    <subfield code="x">surgery</subfield>
    <subfield code="9">74385</subfield>
  </datafield>
  <datafield tag="650" ind1="1" ind2="2">
    <subfield code="a">Paranasal Sinuses</subfield>
    <subfield code="x">surgery</subfield>
    <subfield code="9">74386</subfield>
  </datafield>
  <datafield tag="650" ind1="2" ind2="2">
    <subfield code="a">Endoscopy</subfield>
    <subfield code="x">methods</subfield>
    <subfield code="9">74387</subfield>
  </datafield>
  <datafield tag="700" ind1="1" ind2=" ">
    <subfield code="a">Bleier, Benjamin S.,</subfield>
    <subfield code="e">editor.</subfield>
    <subfield code="9">74388</subfield>
  </datafield>
  <datafield tag="700" ind1="1" ind2=" ">
    <subfield code="a">Freitag, Suzanne K.,</subfield>
    <subfield code="e">editor.</subfield>
    <subfield code="9">74389</subfield>
  </datafield>
  <datafield tag="700" ind1="1" ind2=" ">
    <subfield code="a">Sacks, Raymond</subfield>
    <subfield code="c">(Otolaryngologist),</subfield>
    <subfield code="e">editor.</subfield>
    <subfield code="9">74390</subfield>
  </datafield>
  <datafield tag="942" ind1=" " ind2=" ">
    <subfield code="2">ddc</subfield>
    <subfield code="c">BOOK</subfield>
  </datafield>
  <datafield tag="520" ind1=" " ind2=" ">
    <subfield code="a">"The field of endoscopic orbital surgery is one of the most rapidly advancing areas in modern day rhinology and oculoplastic practice and despite extensive research efforts, there is currently no text dedicated to the subject. Over the past decade and particularly over the past 2-3 years, there has been tremendous advancement in both the knowledge and surgical techniques involved in orbital surgery. This text provides a fully comprehensive review of all the Anatomy, Pathology and Physiology pertaining to the Orbit, Paranasal sinuses and surrounding structures in the region. The book then progresses to detail the management of the spectrum of pathologies encountered in the region and to debate all the pros and cons of differing treatment approaches with current evidence based medicine. It contains both radiologic and anesthetic considerations and details post-operative management of these patients"--Provided by publisher.</subfield>
  </datafield>
  <datafield tag="776" ind1="0" ind2="8">
    <subfield code="i">Print version:</subfield>
    <subfield code="t">Endoscopic surgery of the orbit</subfield>
    <subfield code="b">First edition.</subfield>
    <subfield code="d">New York : Thieme, [2019]</subfield>
    <subfield code="z">9781626235052</subfield>
    <subfield code="w">(DLC)  2018034903</subfield>
  </datafield>
  <datafield tag="906" ind1=" " ind2=" ">
    <subfield code="a">7</subfield>
    <subfield code="b">cbc</subfield>
    <subfield code="c">origcop</subfield>
    <subfield code="d">1</subfield>
    <subfield code="e">ecip</subfield>
    <subfield code="f">20</subfield>
    <subfield code="g">y-gencatlg</subfield>
  </datafield>
  <datafield tag="952" ind1=" " ind2=" ">
    <subfield code="1">0</subfield>
    <subfield code="2">2019-08-21</subfield>
    <subfield code="4">0</subfield>
    <subfield code="7">0</subfield>
    <subfield code="U">2019-08-21</subfield>
    <subfield code="a">617.523 ENS</subfield>
    <subfield code="d">2019-08-21</subfield>
    <subfield code="h">CL</subfield>
    <subfield code="i">00157387</subfield>
    <subfield code="m">CL</subfield>
    <subfield code="r">2019-08-21 00:00:00</subfield>
    <subfield code="t">BOOK</subfield>
    <subfield code="w">ddc</subfield>
    <subfield code="y">0</subfield>
  </datafield>
  <datafield tag="952" ind1=" " ind2=" ">
    <subfield code="1">0</subfield>
    <subfield code="2">2019-08-21</subfield>
    <subfield code="4">0</subfield>
    <subfield code="7">0</subfield>
    <subfield code="U">2019-08-21</subfield>
    <subfield code="a">617.523 ENS</subfield>
    <subfield code="d">2019-08-21</subfield>
    <subfield code="h">CL</subfield>
    <subfield code="i">00157388</subfield>
    <subfield code="m">CL</subfield>
    <subfield code="r">2019-08-21 00:00:00</subfield>
    <subfield code="t">BOOK</subfield>
    <subfield code="w">ddc</subfield>
    <subfield code="y">0</subfield>
  </datafield>
  <datafield tag="952" ind1=" " ind2=" ">
    <subfield code="1">0</subfield>
    <subfield code="2">2019-08-21</subfield>
    <subfield code="4">0</subfield>
    <subfield code="7">0</subfield>
    <subfield code="U">2019-08-21</subfield>
    <subfield code="a">617.523 ENS</subfield>
    <subfield code="d">2019-08-21</subfield>
    <subfield code="h">CL</subfield>
    <subfield code="i">00157389</subfield>
    <subfield code="m">CL</subfield>
    <subfield code="r">2019-08-21 00:00:00</subfield>
    <subfield code="t">BOOK</subfield>
    <subfield code="w">ddc</subfield>
    <subfield code="y">0</subfield>
  </datafield>
  <datafield tag="952" ind1=" " ind2=" ">
    <subfield code="1">0</subfield>
    <subfield code="2">2019-08-21</subfield>
    <subfield code="4">0</subfield>
    <subfield code="7">0</subfield>
    <subfield code="U">2019-08-21</subfield>
    <subfield code="a">617.523 ENS</subfield>
    <subfield code="d">2019-08-21</subfield>
    <subfield code="h">AMF</subfield>
    <subfield code="i">00157390</subfield>
    <subfield code="m">AMF</subfield>
    <subfield code="r">2019-08-21 00:00:00</subfield>
    <subfield code="t">BOOK</subfield>
    <subfield code="w">ddc</subfield>
    <subfield code="y">0</subfield>
  </datafield>
  <datafield tag="952" ind1=" " ind2=" ">
    <subfield code="1">0</subfield>
    <subfield code="2">2019-08-21</subfield>
    <subfield code="4">0</subfield>
    <subfield code="7">0</subfield>
    <subfield code="U">2019-08-21</subfield>
    <subfield code="a">617.523 ENS</subfield>
    <subfield code="d">2019-08-21</subfield>
    <subfield code="h">AMF</subfield>
    <subfield code="i">00157391</subfield>
    <subfield code="m">AMF</subfield>
    <subfield code="r">2019-08-21 00:00:00</subfield>
    <subfield code="t">BOOK</subfield>
    <subfield code="w">ddc</subfield>
    <subfield code="y">0</subfield>
  </datafield>
</record>
